000 01022cam a2200289 4500
001 3803
003 BD-RjUL
005 20211208233803.0
008 131221s1961 ii c b 100 0 eng d
020 _a0837173213
035 _a(BD-RjUL)3837
040 _aDLC
_cDLC
_dDLC
_dBD-RjUL
_beng
041 _aeng
082 0 0 _a330.959
_bTEN 1961
245 1 0 _aTensions of economic development in South-east Asia /
_cEdited by J. C. Daruvala.
260 _aBombay :
_bAllied publishers,
_cc1961
300 _axxviii, 163 p. ;
_bgroup port. :
_c22 cm.
500 _aSeminar sponsored by the University of Bombay and the Council on World Tensions in 1961.
504 _aIncludes bibliographical references.
651 0 _aSoutheast Asia
_xEconomic conditions
_vCongresses.
_97544
651 0 _aSoutheast Asia
_xSocial conditions
_vCongresses.
_912108
700 _aDaruvala, J. C.,
_912109
710 2 _aUniversity of Bombay.
_912110
710 2 _aCouncil on World Tensions.
_912111
942 _2ddc
_cBK
999 _c3803
_d3803